Fire and the air war /

Bibliographic Details
Main Author: Bond, Horatio
Corporate Author: National Fire Protection Association
Format: Book
Language:English
Published: Manhattan, Kan. : Military affairs, 1974.
Subjects:

MARC

Tag First Indicator Second Indicator Subfields
LEADER 00000cam a2200000 i 4500
001 in00000665334
005 20151015080249.0
008 790212s1974 ksua 00010 eng d
020 |a 0891260048 
035 |a (OCoLC)04645356 
035 |9 ACX6135AM 
040 |a ARL  |c ARL  |d TXA  |d UtOrBLW 
049 |a TXAM  |c [1476556]  |a TXAS [mil]  |c 2 
090 |a UG447  |b .B6 1974 
100 1 |a Bond, Horatio. 
245 1 0 |a Fire and the air war /  |c by Horatio Bond, ed. 
264 1 |a Manhattan, Kan. :  |b Military affairs,  |c 1974. 
300 |a xii, 262 pages [131 pages with 2 pages reproduced on each page] :  |b illustrations ;  |c 28 cm. 
336 |a text  |b txt  |2 rdacontent 
337 |a unmediated  |b n  |2 rdamedia 
338 |a volume  |b nc  |2 rdacarrier 
500 |a Photocopy of 1946 edition published by National Fire Protection Association, Boston, with new title page and new copyright date added. 
504 |a "A partial bibliography": pages 253-255. 
650 0 |a Fire prevention. 
650 0 |a Fires. 
650 0 |a Atomic bomb. 
650 0 |a Projectiles, Incendiary. 
710 2 |a National Fire Protection Association. 
999 |a MARS 
999 f f |s 142d65d9-a468-39ab-b6cd-1484eda90252  |i f26b17fa-a008-3532-b084-264702453f71  |t 0 
952 f f |p noncirc  |a Texas A&M University  |b College Station  |c Cushing Memorial Library & Archives  |d Cushing: Ragan Military (Does not check out)  |t 0  |e UG447 .B6 1974  |h Library of Congress classification  |i unmediated -- volume 
952 f f |p ric  |a Texas A&M University  |b Rellis Campus  |c Joint Library Facility  |d Remote Storage  |t 0  |e UG447 .B6 1974  |h Library of Congress classification  |i unmediated -- volume  |m A14805702280 
998 f f |a UG447 .B6 1974  |t 0  |l Cushing: Ragan Military (Does not check out) 
998 f f |a UG447 .B6 1974  |t 0  |l Remote Storage